Potenciál dane za ubytovanie na Slovensku
Zdaňovanie v cestovnom ruchu. Elasticita ponuky a dopytu. Príjmový efekt dane z ubytovania. Náklady zdanenia pri dani z ubytovania. Potenciál dane za ubytovanie. Počet prenocovaní, výnos dane za ubytovanie a priemerná sadzba na Slovensku (porovnanie rokov 2010, 2012, 2014, 2016 a 2018).
Enregistré dans:
| Auteur principal: | |
|---|---|
| Format: | Chapitre de livre |
| Langue: | slovaque |
| Sujets: | |
| Tags: |
Pas de tags, Soyez le premier à ajouter un tag!
|
MARC
| LEADER | 00000naa a2200000 4500 | ||
|---|---|---|---|
| 001 | 0257634 | ||
| 005 | 20190821104509.0 | ||
| 041 | 0 | |a slo | |
| 044 | |a SK | ||
| 245 | 1 | 0 | |a Potenciál dane za ubytovanie na Slovensku |c Michal Hornok |
| 520 | |a Zdaňovanie v cestovnom ruchu. Elasticita ponuky a dopytu. Príjmový efekt dane z ubytovania. Náklady zdanenia pri dani z ubytovania. Potenciál dane za ubytovanie. Počet prenocovaní, výnos dane za ubytovanie a priemerná sadzba na Slovensku (porovnanie rokov 2010, 2012, 2014, 2016 a 2018). | ||
| 610 | 2 | 0 | |a ruch cestovný |
| 610 | 2 | 0 | |a ubytovanie |
| 610 | 2 | 0 | |a dane |
| 610 | 2 | 0 | |a sadzby daňové |
| 610 | 2 | 0 | |a výnosy daňové |
| 610 | 2 | 0 | |a samospráva |
| 610 | 2 | 0 | |a Slovensko |
| 100 | 1 | |a Hornok, Michal | |